Vista normal
Vista MARC
Entrada Materia (personas)
Número de registros utilizados en: 2
001 - CONTROL NUMBER
- control field: 61565
003 - CONTROL NUMBER IDENTIFIER
- control field: Co-BoUCM
005 - DATE AND TIME OF LATEST TRANSACTION
- control field: 20140522142201.0
008 - FIXED-LENGTH DATA ELEMENTS
- fixed length control field: 140522|| aca||aabn | a|a d
040 ## - CATALOGING SOURCE
- Original cataloging agency: Co-BoUCM
- Transcribing agency: Co-BoUCM
100 ## - HEADING--PERSONAL NAME
- Personal name: Bartolus
- Titles and other words associated with a name: de Saxoferrato
- Dates associated with a name: 1313-1357
670 ## - SOURCE DATA FOUND
- Source citation: Work cat.: (Co-BoUCM)0: Bartolus de Saxoferrato 1313-1357, Bartoli Commentaria in Primam Infortiati Partem doctiss. viri D. Petri Pauli Parisii Cardinalis admodum reverendi non paucis additionibus nuper illustrata, accurateque castigata., 1547